000 00624nam a2200229Ia 4500
003 OSt
005 20220925214549.0
006 a|||||r|||| 00| 0
007 ta
008 220923b |||||||| |||| 00| 0 eng d
037 _cGeneral Book
040 _aRTL
_cRTL
_beng
041 _2eng
_aeng
082 _aY91, J2
100 _aBon Gustave Le
_9280647
245 0 _aCrowd
_b A study of the popular mind
260 _aLondon
_bErnest Bem
_c1952
300 _a207p
_ccm.
650 _aSociology of Associations
_9231826
942 _hY91, J2
_cGB
_2CC
999 _c565790
_d565790